Online Catalogue and eLibrary

Uravum thunaum (Record no. 4760)

MARC details
000 -LEADER
fixed length control field 00409nam a2200145Ia 4500
005 - DATE AND TIME OF LATEST TRANSACTION
control field 20250429024415.0
008 - FIXED-LENGTH DATA ELEMENTS--GENERAL INFORMATION
fixed length control field 240331s9999 xx 000 0 und d
082 ## - DDC Classification
Item Number - Author Mark THI
Class No. 300
100 ## - MAIN ENTRY--PERSONAL NAME
Personal name Thiagarajah,T
245 #0 - TITLE STATEMENT
Title Uravum thunaum
260 ## - PUBLICATION, DISTRIBUTION, ETC.
Place of publication, distribution, etc. Rajagiriya
Name of publisher, distributor, etc. Viluthu, Centre For Human Resource Development
Date of publication, distribution, etc. 2005
300 ## - PHYSICAL DESCRIPTION
Extent (e.g. Volumes, Pages etc.) 36 p ., ( C 1)
500 ## - GENERAL NOTE
General note Aatruppani uthaviyaalarkalukkana kaiyedu
942 ## - Koha item type (Biblio)
Koha item type Books in Stacks (Lending)
Holdings
Lost status Damaged status Collection code Home library Current library Shelving location Date acquired Full call number Accession Number Item type
    Lending WERC Library WERC Library Social Science Cupboard 03/31/2024 300 THI 1916 Books in Stacks (Lending)

© WERC Library